Periodic Table Quiz - Yellow Box Version - Statistics

General Stats
  • This quiz has been taken 139 times
  • The average score is 55 of 118
Answer Stats
# Symbol Element % Correct
1 H Hydrogen
96%
2 He Helium
94%
4 Be Beryllium
90%
3 Li Lithium
90%
5 B Boron
86%
6 C Carbon
86%
8 O Oxygen
84%
9 F Fluorine
82%
7 N Nitrogen
82%
10 Ne Neon
78%
11 Na Sodium
76%
13 Al Aluminium
72%
12 Mg Magnesium
72%
18 Ar Argon
70%
20 Ca Calcium
70%
17 Cl Chlorine
70%
14 Si Silicon
70%
15 P Phosphorus
68%
19 K Potassium
68%
24 Cr Chromium
66%
16 S Sulfur
66%
23 V Vanadium
66%
25 Mn Manganese
64%
21 Sc Scandium
64%
22 Ti Titanium
64%
27 Co Cobalt
62%
29 Cu Copper
62%
31 Ga Gallium
62%
26 Fe Iron
62%
28 Ni Nickel
62%
33 As Arsenic
60%
30 Zn Zinc
60%
32 Ge Germanium
58%
36 Kr Krypton
58%
35 Br Bromine
56%
37 Rb Rubidium
56%
34 Se Selenium
56%
51 Sb Antimony
54%
47 Ag Silver
54%
38 Sr Strontium
54%
53 I Iodine
52%
43 Tc Technetium
52%
50 Sn Tin
52%
54 Xe Xenon
52%
57 La Lanthanum
50%
55 Cs Cesium
48%
63 Eu Europium
48%
42 Mo Molybdenum
48%
60 Nd Neodymium
48%
41 Nb Niobium
48%
61 Pm Promethium
48%
39 Y Yttrium
48%
56 Ba Barium
46%
49 In Indium
46%
62 Sm Samarium
46%
40 Zr Zirconium
46%
48 Cd Cadmium
44%
46 Pd Palladium
44%
59 Pr Praseodymium
44%
45 Rh Rhodium
44%
44 Ru Ruthenium
44%
52 Te Tellurium
44%
58 Ce Cerium
42%
64 Gd Gadolinium
40%
68 Er Erbium
38%
79 Au Gold
38%
94 Pu Plutonium
38%
74 W Tungsten
38%
92 U Uranium
38%
66 Dy Dysprosium
36%
72 Hf Hafnium
36%
82 Pb Lead
36%
93 Np Neptunium
36%
86 Rn Radon
36%
65 Tb Terbium
36%
70 Yb Ytterbium
36%
87 Fr Francium
34%
67 Ho Holmium
34%
88 Ra Radium
34%
69 Tm Thulium
34%
89 Ac Actinium
32%
95 Am Americium
32%
85 At Astatine
32%
71 Lu Lutetium
32%
78 Pt Platinum
32%
73 Ta Tantalum
32%
83 Bi Bismuth
30%
96 Cm Curium
30%
77 Ir Iridium
30%
103 Lr Lawrencium
30%
118 Og Oganesson
30%
76 Os Osmium
30%
84 Po Polonium
30%
90 Th Thorium
30%
97 Bk Berkelium
28%
98 Cf Californium
28%
105 Db Dubnium
28%
99 Es Einsteinium
28%
80 Hg Mercury
28%
102 No Nobelium
28%
91 Pa Protactinium
28%
75 Re Rhenium
28%
100 Fm Fermium
26%
115 Mc Moscovium
26%
104 Rf Rutherfordium
26%
117 Ts Tennessine
26%
112 Cn Copernicium
24%
114 Fl Flerovium
24%
101 Md Mendelevium
24%
113 Nh Nihonium
24%
111 Rg Roentgenium
24%
81 Tl Thallium
24%
116 Lv Livermorium
22%
109 Mt Meitnerium
22%
106 Sg Seaborgium
22%
107 Bh Bohrium
20%
110 Ds Darmstadtium
20%
108 Hs Hassium
20%
No matching quizzes found
Score Distribution
Percent of People with Each Score
Percentile by Number Answered
Your Score History
You have not taken this quiz